000 00928nas a2200301 4500
001 BR7701009
003 BR-BrBNA
005 20231205083105.0
007 ta
008 230509b bl.|||p| |||| 00| 00por d
040 _aBR-BrBNA
_bpor
_cBiblioteca Nacional de Agricultura
041 _a(Pt)
072 _aL30
100 1 _aGomes, D.B.
100 1 _aGuterres, E.P.
100 1 _aLeal, T.C.
100 1 _aNunes, R.V.O.
100 1 _aBassols, P.A.
100 1 _aFreitas, J.E.
245 1 _aAvaliacao de Panicum maximum cv. Gatton pelo desempenho de novilhas da raca charolesa [Capim coloniao]
650 _aNOVILHO
650 _aGADO CHAROLES
650 _aCAPIM COLONIAO
650 _aFENO
773 0 _tAnuario Tecnico do Instituto de Pesquisas Zootecnicas Francisco Osorio (Brazil)
_xISSN 0100-2546
_g(Jul 1976), v. 3 p. 532-539
_wBR7701009
909 _a202311
_bLúcia
_c55
_dLúcia Elande
942 _2AGRIS
_n0
_cANA
999 _c96333
_d96333